Score 0/20 Timer 03:00
0 Plays Today
Title Missing Word % Correct
Jurassic _____Park
99.4%
Winnie-the-_____Pooh
98.7%
______ and PrejudicePride
98.5%
Life of ___Pi
98.2%
War and _____Peace
96%
The _______ of the OperaPhantom
94.8%
Harry Potter and the Order of the ________Phoenix
89.9%
The Prince and the ______Pauper
81%
A _______ of the Artist as a Young ManPortrait
79.6%
The _______ BriefPelican
78.7%
Title Missing Word % Correct
____ SemataryPet
77.2%
The _______ of Dorian GrayPicture
75.8%
The Little ______Prince
73.1%
A _______ to IndiaPassage
64.1%
Pickwick ______Papers
53.6%
A ______ for Owen MeanyPrayer
38.3%
The Red _____Pony
26.1%
The _______ of the EarthPillars
23.5%
The ________ VeilPainted
22.4%
The Temple of the Golden _______Pavilion
4.8%

Today's Daily Dose

Remove Ads.
Support Sporcle.
Get the best of Sporcle when you Go Orange. This ad-free experience offers more features, more stats, and more fun while also helping to support Sporcle. Thank you for becoming a member.

You're not logged in!

Compare scores with friends on all Sporcle quizzes.
OR
Log In

Show Comments

Extras

Top Quizzes Today


Score Distribution

Your Account Isn't Verified!

In order to create a playlist on Sporcle, you need to verify the email address you used during registration. Go to your Sporcle Settings to finish the process.

Report this User

Report this user for behavior that violates our Community Guidelines.

Details: